INFOS '91 zborník z 21. informatického seminára konaného 8.-11. apríla 1991 v Martine
Saved in:
| Corporate Author: | |
|---|---|
| Other Authors: | |
| Format: | Book |
| Language: | Slovak English German Russian |
| Published: |
Bratislava
ALFA
1991
|
| Subjects: | |
| Tags: |
No Tags, Be the first to tag this record!
|
MARC
| LEADER | 00000nam a2200000 4500 | ||
|---|---|---|---|
| 001 | c100769 | ||
| 005 | 20230220130115.9 | ||
| 020 | |a 80-05-00916-X | ||
| 041 | 0 | |a slo | |
| 041 | 0 | |a eng | |
| 041 | 0 | |a ger | |
| 041 | 0 | |a rus | |
| 044 | |a SK | ||
| 245 | 1 | 0 | |a INFOS '91 |b zborník z 21. informatického seminára konaného 8.-11. apríla 1991 v Martine |c [zostavovateľ]: Daniela Gondová |
| 264 | 1 | |a Bratislava |b ALFA |c 1991 | |
| 300 | |a 208 s. | ||
| 610 | 2 | 0 | |a knihoveda |
| 610 | 2 | 0 | |a knihovníctvo |
| 610 | 2 | 0 | |a knihy |
| 610 | 2 | 0 | |a systémy informačné |
| 610 | 2 | 0 | |a technológie informačné |
| 610 | 2 | 0 | |a knižnice |
| 610 | 2 | 0 | |a informácie |
| 610 | 2 | 0 | |a automatizácia |
| 610 | 2 | 0 | |a spracovanie dát automatické |
| 700 | 1 | |a Gondová, Daniela | |
| 110 | 2 | |a INFOS | |